FC Barcelone Quiz - Statistiques

Statistiques générales
  • Ce quiz a été pris 273 fois
  • Le résultat moyen est 8 sur 15
Statistiques - réponses
Questions Réponses % Correct
Combien de Ligue des champions a ce club ? 5
89%
Qui est le capitaine actuel de ce club ? Ter Stegen
88%
Qui est la légende de ce club ? Lionel Messi
87%
Qui est le meilleur buteur de ce club ? Lionel Messi
84%
Qui est l’entraîneur de ce club ? Hansi Flick
82%
Qui est le joueur le plus capé de ce club ? Lionel Messi
81%
En quelle année a été crée le club ? 1899
80%
Qui est le joueur le plus cher de ce club ? Lamine Yamal
67%
Quel est le plus gros transfert de ce club ? Philippe Coutinho (135 M)
67%
Combien de trophées a ce club ? 100
26%
Quelles sont les couleurs primaires de ce club ? Bleu et grenat
23%
Quelle est la plus grande victoire de ce club ? 10 : 1 (Basconia 1962)
10%
Quelle est la plus grande defaite de ce club ? 12 : 1 (Athletic Bilbao 1931)
5%
Combien vaut ce club ? 888,50 M
1%
Quel est le nom du stade de ce club ? L'Espai Barca
1%
Aucun quiz correspondant
Distribution des résultats
% des personnes avec chaque résultat
Percentile par nombre de réponses
Votre historique - résultats
Vous n’avez pas pris ce quiz